000 00455cam a2200181ua 4500
001 5290
008 120730n ii |||gr||||Z||||||eng
040 _cMAIN
082 _a822
100 _aShelley, Percy Bysshe,
_eAuthor,
245 1 1 _aPrometheus unbound
_cby Shelley
250 _a2nd.
260 _aCalcutta:
_bBookland private ltd.,
_c1963.
300 _a193p:
_c23cm.
653 _aEnglish drama
700 _aBasu, Nitish K.,
_eEditor,
942 _cBK
999 _c4472
_d4472